000 00961nam a2200325Ia 4500
001 7431
003 IT-RoPAU
008 130308s9999 xx 000 0 und d
040 _aIT-RoPAU
040 _cIT-RoPAU
041 _aFRANCESE
100 _aGuyon-Vinter Annie
100 _gCodice Aut. SPICS: 10405
245 _aRecherches experimentales sur l'image de soi chez l'enfant et l'adolescent
245 _bIdentite' Individuelle et Personnalisation
250 _a1a ed.
260 _aTOULOUSE
260 _bPrivat
260 _c1980 [1° Ed.:1980 - Ed.Ling.Originale:1979]
300 _a"4 p. (prefazione: no ; testo: 4 [pagine: 73-76])"
500 _aRicerche sperimentali Sull'Immagine di Se' presso Bambini e Adolescenti
650 _aSAGGI DI PSICOLOGIA
650 _eCodice materia Spics: 3607
700 _aMounoud Pierre
700 _gCodice Aut. SPICS: 10429
942 _cBK
957 _71
999 _c42427
_d42427
999 _bSI
999 _g1